Encyclopedia Brown takes the cake! / (Record no. 197)

MARC details
000 -LEADER
fixed length control field 01384nam a22003497a 4500
001 - CONTROL NUMBER
control field 197
003 - CONTROL NUMBER IDENTIFIER
control field FISKH
005 - DATE AND TIME OF LATEST TRANSACTION
control field 20230303141325.0
008 - FIXED-LENGTH DATA ELEMENTS--GENERAL INFORMATION
fixed length control field 230303b cb ||||| |||| 00| 0 eng d
020 ## - INTERNATIONAL STANDARD BOOK NUMBER
International Standard Book Number 9780590445764
040 ## - CATALOGING SOURCE
Original cataloging agency TWE
Transcribing agency TWE
Modifying agency OCL
-- OCLCQ
-- BAKER
-- BTCTA
-- YDXCP
-- OCLCG
-- DLC
-- FISKH
Language of cataloging eng
050 00 - LIBRARY OF CONGRESS CALL NUMBER
Classification number PZ7.S68524
Item number Esh 1991
082 00 - DEWEY DECIMAL CLASSIFICATION NUMBER
Classification number 813.54
Edition number 22
100 1# - MAIN ENTRY--PERSONAL NAME
Personal name Sobol, Donald J.,
Dates associated with a name 1924-2012.
245 10 - TITLE STATEMENT
Title Encyclopedia Brown takes the cake! /
Statement of responsibility, etc. by Donald J. Sobol with Glenn Andrews ; illustrations by Ib Ohlsson.
260 ## - PUBLICATION, DISTRIBUTION, ETC.
Place of publication, distribution, etc. New York :
Name of publisher, distributor, etc. Scholastic,
Date of publication, distribution, etc. 1983
300 ## - PHYSICAL DESCRIPTION
Extent 121 p. :
Other physical details ill. ;
Dimensions 20 cm.
500 ## - GENERAL NOTE
General note "An Apple paperback."
500 ## - GENERAL NOTE
General note Originally published : New York : Four Winds Press, 1983.
500 ## - GENERAL NOTE
General note Includes index.
505 ## - FORMATTED CONTENTS NOTE
Formatted contents note Q
520 ## - SUMMARY, ETC.
Summary, etc. The ten-year-old detective solves "The case of the Missing Garlic Bread" and other food-related mysteries. Includes menus and recipes for a Fourth-of-July party, a birthday brunch, and other occasions.
521 8# - TARGET AUDIENCE NOTE
Target audience note 880 <br/>
Source Lexile
521 8# - TARGET AUDIENCE NOTE
Target audience note Q<br/>
Source Raz-Plus
650 #0 - SUBJECT ADDED ENTRY--TOPICAL TERM
Topical term or geographic name entry element Cooking
Form subdivision Juvenile literature.
650 #0 - SUBJECT ADDED ENTRY--TOPICAL TERM
Topical term or geographic name entry element Literary cookbooks.
700 1# - ADDED ENTRY--PERSONAL NAME
Personal name Andrews, Glenn,
Dates associated with a name 1925-
700 1# - ADDED ENTRY--PERSONAL NAME
Personal name Ohlsson, Ib,
Dates associated with a name 1935-
856 42 - ELECTRONIC LOCATION AND ACCESS
Materials specified Publisher description
Uniform Resource Identifier <a href="http://www.loc.gov/catdir/enhancements/fy1203/2009277144-d.html">http://www.loc.gov/catdir/enhancements/fy1203/2009277144-d.html</a>
906 ## - LOCAL DATA ELEMENT F, LDF (RLIN)
a 7
b cbc
c copycat
d 2
e ncip
f 20
g y-gencatlg
942 ## - ADDED ENTRY ELEMENTS (KOHA)
Source of classification or shelving scheme Dewey Decimal Classification
Koha item type Books
Suppress in OPAC No
Holdings
Withdrawn status Lost status Source of classification or shelving scheme Damaged status Not for loan Collection Home library Current library Shelving location Date acquired Total Checkouts Full call number Barcode Date last seen Price effective from Koha item type
    Dewey Decimal Classification     Fiction Footprints International School Library Network Toul Kork Campus Footprints International School Library Network Toul Kork Campus A TK Campus, 4th Floor, Room B401, Fiction Bookcases (1-6) 03/03/2023   AND 813.54 PZ7.S68524 FISTK00386 03/03/2023 03/03/2023 Books